[Event "Plzen, FSB A"]
[Site "?"]
[Date "2000.??.??"]
[Round "6"]
[White "Glienke, M."]
[Black "Fiala, R."]
[Result "1-0"]
[WhiteElo "2345"]
[BlackElo "2235"]
[PlyCount "103"]
[EventDate "2000.??.??"]
[Source "ChessBase"]
[SourceDate "1996.11.15"]

1. e4 c5 2. Nc3 Nc6 3. g3 g6 4. Bg2 Bg7 5. d3 e6 6. f4 Nge7 7. Nf3 O-O 8. O-O
d6 9. Be3 Nd4 10. Rb1 Qc7 11. Bf2 Bd7 12. Nh4 f5 13. Qd2 Rac8 14. Nd1 b5 15. c3
Ndc6 16. Ne3 Nd8 17. exf5 Nxf5 18. Nf3 Bc6 19. Nxf5 exf5 20. Rbe1 Nf7 21. Re2
Rfe8 22. Rfe1 Kf8 23. d4 Rxe2 24. Rxe2 Qb7 25. Ne1 Bxg2 26. Nxg2 c4 27. d5 Nh6
28. Nh4 Ng4 29. Re6 Rd8 30. h3 Nh6 31. Bd4 Ng8 32. Nf3 Bxd4+ 33. Qxd4 Qg7 34.
Kf2 Rd7 35. Ke3 Ne7 36. Ng5 Qxd4+ 37. Kxd4 Nc8 38. g4 fxg4 39. hxg4 a6 40. Ne4
Kf7 41. Nf6 Rd8 42. Nxh7 Rh8 43. Ng5+ Kg7 44. Ne4 Rf8 45. Ke3 Rd8 46. f5 gxf5
47. gxf5 Nb6 48. Rg6+ Kf8 49. Kd4 Nc8 50. Ng5 Re8 51. f6 Re5 52. Nh7+ 1-0

[Event "Plzen, FSB A"]
[Site "?"]
[Date "2000.??.??"]
[Round "6"]
[White "Trmota, Z."]
[Black "Mirumian, V."]
[Result "1/2-1/2"]
[WhiteElo "2240"]
[BlackElo "2555"]
[PlyCount "139"]
[EventDate "2000.??.??"]
[Source "ChessBase"]
[SourceDate "1996.11.15"]

1. d4 Nf6 2. Nf3 g6 3. c4 Bg7 4. Nc3 d5 5. Qb3 dxc4 6. Qxc4 O-O 7. e4 Nc6 8.
Be2 Bg4 9. d5 Na5 10. Qb4 Bxf3 11. Bxf3 c6 12. O-O Qb6 13. Qa4 Nd7 14. Be3 Qxb2
15. Rfc1 Bxc3 16. Rab1 b5 17. Rxb2 bxa4 18. Rxc3 cxd5 19. exd5 Rac8 20. Rbc2
Nb6 21. Rc7 Nac4 22. Rxe7 Nxe3 23. Rxc8 Nxc8 24. Rxe3 Rd8 25. g3 Kg7 26. Rc3
Nb6 27. Rc7 Rd7 28. Rc6 f5 29. Kf1 g5 30. Ke2 g4 31. Bg2 Nxd5 32. Bxd5 Rxd5 33.
Ra6 Rd4 34. Rxa7+ Kg6 35. Ra6+ Kg5 36. Rc6 Re4+ 37. Kf1 h5 38. Rc5 Rb4 39. Ra5
Kg6 40. Kg2 f4 41. gxf4 Rxf4 42. h3 gxh3+ 43. Kxh3 h4 44. Kg2 Kf6 45. Rh5 Ke6
46. Rg5 Kd6 47. f3 Rc4 48. Kh3 Rc3 49. Rf5 Ke6 50. Rf8 Ra3 51. Kxh4 Rxa2 52.
Kg4 a3 53. Ra8 Ra1 54. Ra6+ Kd5 55. Kf5 Kc4 56. f4 Kb3 57. Rb6+ Kc3 58. Rc6+
Kb4 59. Ra6 Kb3 60. Rb6+ Ka2 61. Ra6 Rf1 62. Kg5 Kb3 63. f5 a2 64. f6 a1=Q 65.
Rxa1 Rxa1 66. f7 Rf1 67. Kg6 Kc4 68. Kg7 Kd5 69. f8=Q Rxf8 70. Kxf8 1/2-1/2

[Event "Plzen, FSB A"]
[Site "?"]
[Date "2000.??.??"]
[Round "6"]
[White "Spal, M."]
[Black "Volosin, L."]
[Result "1/2-1/2"]
[WhiteElo "2235"]
[BlackElo "2455"]
[PlyCount "56"]
[EventDate "2000.??.??"]
[Source "ChessBase"]
[SourceDate "1996.11.15"]

1. e4 c5 2. Nc3 a6 3. g3 b5 4. Bg2 Bb7 5. d3 e6 6. f4 d5 7. Nf3 b4 8. Nb1 dxe4
9. Ng5 Qc7 10. Bxe4 Nf6 11. Bxb7 Qxb7 12. Qf3 Qxf3 13. Nxf3 Nd5 14. Kf2 f6 15.
Nbd2 Be7 16. Nc4 Kf7 17. Ne3 Nc6 18. f5 Nc7 19. fxe6+ Nxe6 20. b3 a5 21. a4
bxa3 22. Bxa3 a4 23. bxa4 Rxa4 24. Bb2 Rha8 25. Rxa4 Rxa4 26. Ra1 Rxa1 27. Bxa1
Ned4 28. c3 Nb5 1/2-1/2

[Event "Plzen, FSB A"]
[Site "?"]
[Date "2000.??.??"]
[Round "6"]
[White "Palek, M."]
[Black "Freisler, P."]
[Result "0-1"]
[WhiteElo "2225"]
[BlackElo "2360"]
[PlyCount "83"]
[EventDate "2000.??.??"]
[Source "ChessBase"]
[SourceDate "1996.11.15"]

1. e4 Nf6 2. e5 Nd5 3. c4 Nb6 4. c5 Nd5 5. Nc3 e6 6. d4 b6 7. cxb6 axb6 8. Bc4
Nxc3 9. bxc3 d5 10. exd6 cxd6 11. Nf3 Be7 12. O-O Ba6 13. Bxa6 Rxa6 14. a4 O-O
15. Be3 Nd7 16. Qb3 Qa8 17. Ra2 d5 18. Bf4 Rc8 19. Nd2 Qc6 20. Rc1 Rca8 21.
Rca1 h6 22. h3 R8a7 23. Kh1 Bf6 24. Qb4 Nf8 25. Bd6 Ng6 26. Nb3 Ra8 27. Nd2 Rc8
28. Rc1 Bxd4 29. c4 Rca8 30. Nb3 Bf6 31. a5 bxa5 32. Rxa5 Rxa5 33. Nxa5 Rxa5
34. Qxa5 Qxd6 35. Qa8+ Kh7 36. cxd5 exd5 37. Rd1 d4 38. Qe8 Qd5 39. f3 Ne5 40.
Kg1 d3 41. Qc8 Nc4 42. Qa6 0-1

[Event "Plzen, FSB A"]
[Site "?"]
[Date "2000.??.??"]
[Round "6"]
[White "Dolezal jr., R."]
[Black "Nosek, F."]
[Result "1-0"]
[WhiteElo "2355"]
[BlackElo "2125"]
[PlyCount "37"]
[EventDate "2000.??.??"]
[Source "ChessBase"]
[SourceDate "1996.11.15"]

1. e4 Nf6 2. d3 e5 3. f4 exf4 4. Bxf4 d6 5. Nc3 Bg4 6. Be2 Bxe2 7. Qxe2 Be7 8.
Nf3 Nc6 9. d4 O-O 10. d5 Nb8 11. Nd4 Re8 12. O-O c6 13. Kh1 Nfd7 14. Nf5 Ne5
15. Bxe5 dxe5 16. Rad1 Qb6 17. Qg4 Bf6 18. Nh6+ Kf8 19. Rxf6 1-0

[Event "Plzen, FSB A"]
[Site "?"]
[Date "2000.??.??"]
[Round "6"]
[White "Vyskocil, N."]
[Black "Brousek, J."]
[Result "1/2-1/2"]
[WhiteElo "2330"]
[BlackElo "2050"]
[PlyCount "36"]
[EventDate "2000.??.??"]
[Source "ChessBase"]
[SourceDate "1996.11.15"]

1. e4 e6 2. d4 d5 3. e5 c5 4. Nf3 Qb6 5. Bd3 Bd7 6. O-O cxd4 7. Nbd2 Nc6 8. Nb3
a5 9. a4 h6 10. Bb5 Nge7 11. Nbxd4 Nxd4 12. Bxd7+ Kxd7 13. Nxd4 Nc6 14. Nxc6
bxc6 15. Qf3 Ke8 16. Rd1 Bc5 17. Rd3 Rb8 18. Rb3 Qc7 1/2-1/2

[Event "Plzen, FSB A"]
[Site "?"]
[Date "2000.??.??"]
[Round "6"]
[White "Hrbolka sr., L."]
[Black "Namyslo, H."]
[Result "1-0"]
[WhiteElo "2205"]
[BlackElo "2325"]
[PlyCount "79"]
[EventDate "2000.??.??"]
[Source "ChessBase"]
[SourceDate "1996.11.15"]

1. d4 d5 2. Nf3 Nf6 3. c4 e6 4. Nc3 c6 5. e3 Nbd7 6. Bd3 dxc4 7. Bxc4 b5 8. Bd3
a6 9. e4 c5 10. e5 cxd4 11. Nxb5 axb5 12. exf6 gxf6 13. O-O Qb6 14. Be4 Bb7 15.
Bxb7 Qxb7 16. Nxd4 Ne5 17. Qb3 Rb8 18. Kh1 Bc5 19. Be3 Rg8 20. f3 Nc4 21. Rfc1
Bxd4 22. Bxd4 e5 23. Bf2 Nd6 24. Rd1 Nf5 25. a4 Rg6 26. a5 Qa6 27. Qb4 Ne7 28.
Rd6 Qa8 29. a6 Nc8 30. Rdd1 f5 31. a7 Rb7 32. Qh4 f6 33. Ra6 Rf7 34. Re6+ Ne7
35. Qb4 Rg8 36. Qxb5+ Kf8 37. Rd7 Qe8 38. Qb8 Kg7 39. Qxe8 Rxe8 40. Rexe7 1-0

[Event "Plzen, FSB A"]
[Site "?"]
[Date "2000.??.??"]
[Round "6"]
[White "Kuklin, V."]
[Black "Ionescu, A."]
[Result "1/2-1/2"]
[WhiteElo "2170"]
[BlackElo "2255"]
[PlyCount "75"]
[EventDate "2000.??.??"]
[Source "ChessBase"]
[SourceDate "1996.11.15"]

1. e4 e6 2. d4 d5 3. Nd2 Nf6 4. e5 Nfd7 5. c3 c5 6. f4 Nc6 7. Ndf3 Qb6 8. g3
cxd4 9. cxd4 a5 10. a4 Bb4+ 11. Kf2 g5 12. fxg5 Ndxe5 13. Kg2 Ng6 14. Ne2 Bd7
15. Nc3 O-O-O 16. Be3 h6 17. gxh6 f5 18. Ne2 Bd6 19. Qd2 Rdg8 20. Rc1 Kb8 21.
Nf4 Nce7 22. Ne5 Bxe5 23. Nxg6 Nxg6 24. dxe5 d4 25. Bxd4 Bc6+ 26. Kg1 Rd8 27.
Rd1 Qb3 28. Bg2 Bxg2 29. Kxg2 f4 30. Rhf1 Rd5 31. Qd3 Qxd3 32. Rxd3 Rxh6 33.
Rfd1 fxg3 34. hxg3 Nxe5 35. Bxe5+ Rxe5 36. Rb3 Rh7 37. Rd4 Rh6 38. Rc3 1/2-1/2

[Event "Plzen, FSB A"]
[Site "?"]
[Date "2000.??.??"]
[Round "6"]
[White "Balin, J."]
[Black "Hadraba, V."]
[Result "1/2-1/2"]
[WhiteElo "2070"]
[BlackElo "2240"]
[PlyCount "55"]
[EventDate "2000.??.??"]
[Source "ChessBase"]
[SourceDate "1996.11.15"]

1. Nf3 Nf6 2. g3 g6 3. Bg2 Bg7 4. O-O O-O 5. d3 d6 6. e4 c5 7. Nc3 Nc6 8. h3
Rb8 9. a4 a6 10. Be3 e5 11. Qd2 Nd4 12. Ne1 b5 13. axb5 axb5 14. Bg5 Ne6 15.
Bxf6 Bxf6 16. Nd5 Bg7 17. Nf3 Nc7 18. Nxc7 Qxc7 19. Nh2 Be6 20. Ra6 b4 21. b3
Ra8 22. Rfa1 Qb7 23. Rxa8 Rxa8 24. Rxa8+ Qxa8 25. Qc1 Qa3 26. Qb1 h5 27. Nf1
Bh6 28. Kh2 1/2-1/2

[Event "Plzen, FSB A"]
[Site "?"]
[Date "2000.??.??"]
[Round "6"]
[White "Gross, D."]
[Black "Juptner, J."]
[Result "1/2-1/2"]
[WhiteElo "2465"]
[BlackElo "2170"]
[PlyCount "137"]
[EventDate "2000.??.??"]
[Source "ChessBase"]
[SourceDate "1996.11.15"]

1. e4 c5 2. Nf3 d6 3. d4 cxd4 4. Nxd4 Nf6 5. Nc3 a6 6. f4 e6 7. Qf3 Qb6 8. Nb3
Qc7 9. Bd3 Nc6 10. O-O Be7 11. Kh1 b6 12. Bd2 Bb7 13. Rae1 O-O-O 14. Qe2 Nb4
15. Nb5 axb5 16. Bxb4 e5 17. fxe5 dxe5 18. Bxe7 Qxe7 19. Bxb5 Kb8 20. Bd3 Qb4
21. a3 Qa4 22. Nd2 Qc6 23. Nc4 Rhe8 24. a4 Rd4 25. c3 Rdd8 26. a5 Ba6 27. b3 b5
28. Na3 Qxc3 29. Bxb5 Rd2 30. Qc4 Qxc4 31. bxc4 Bxb5 32. cxb5 Rd4 33. b6 Ra4
34. Nb5 Rxa5 35. Rb1 Rd8 36. Rfc1 Rd7 37. Rc5 Nxe4 38. Rxe5 Rxb5 39. Rexb5 Nc3
40. h4 Kb7 41. R1b3 Nxb5 42. Rxb5 Rd6 43. Rg5 g6 44. Re5 Kxb6 45. h5 Kc6 46.
hxg6 hxg6 47. g3 Kd7 48. Kg2 Re6 49. Ra5 Ke7 50. Kf3 Kf6 51. Kf4 Kg7 52. g4 Rb6
53. Ra4 Rb5 54. g5 Rb8 55. Ra7 Kf8 56. Rc7 Rb4+ 57. Kf3 Rd4 58. Ra7 Ke8 59. Rb7
Rd7 60. Rb4 Ke7 61. Kf4 Rd5 62. Ra4 Ke6 63. Ra6+ Rd6 64. Ra4 Rc6 65. Ke4 Rb6
66. Kf4 Rb5 67. Ra6+ Kd5 68. Rf6 Rb4+ 69. Kf3 1/2-1/2

[Event "Plzen, FSB A"]
[Site "?"]
[Date "2000.??.??"]
[Round "6"]
[White "Zvara, P."]
[Black "Kriz, L."]
[Result "1-0"]
[WhiteElo "2360"]
[BlackElo "2130"]
[PlyCount "57"]
[EventDate "2000.??.??"]
[Source "ChessBase"]
[SourceDate "1996.11.15"]

1. e4 c5 2. Nf3 e6 3. d4 cxd4 4. Nxd4 a6 5. Be2 Ne7 6. O-O Qc7 7. Nc3 Nbc6 8.
Ndb5 axb5 9. Nxb5 Qb8 10. Nd6+ Kd8 11. Nxf7+ Ke8 12. Nd6+ Kd8 13. Bf4 e5 14.
Bg5 h6 15. Nf7+ Ke8 16. Nxh8 hxg5 17. Bc4 d5 18. exd5 Nd4 19. c3 Ndf5 20. Qh5+
g6 21. Nxg6 Nxg6 22. Qxg6+ Kd8 23. Bd3 e4 24. Bxe4 Qf4 25. g3 Qxe4 26. Rfe1 Qa4
27. b3 Qd7 28. Qb6+ Qc7 29. Re8+ 1-0

[Event "Plzen, FSB A"]
[Site "?"]
[Date "2000.??.??"]
[Round "6"]
[White "Vyhnalek, B."]
[Black "Gross, G."]
[Result "1/2-1/2"]
[WhiteElo "2155"]
[BlackElo "2350"]
[PlyCount "123"]
[EventDate "2000.??.??"]
[Source "ChessBase"]
[SourceDate "1996.11.15"]

1. e4 Nc6 2. d4 d5 3. Nc3 Nf6 4. e5 Nd7 5. f4 Nb6 6. Be3 h5 7. Be2 Bf5 8. a3 e6
9. Nf3 Qd7 10. g3 O-O-O 11. b3 Be7 12. h3 Be4 13. O-O f6 14. Nb1 Rdg8 15. Kh2
Bd8 16. Nbd2 Ne7 17. Bd3 Nf5 18. Bf2 Bxd3 19. cxd3 g5 20. fxg5 fxg5 21. Ng1 Qg7
22. Ne2 g4 23. h4 Qh6 24. Rg1 Rf8 25. Qe1 Rh7 26. Nf1 Rhf7 27. Rg2 Kb8 28. Kg1
Nc8 29. Qc1 Qh7 30. Qd2 Nce7 31. Ne3 Ng6 32. Nxf5 Rxf5 33. Rh2 Qf7 34. Qe1 Rf3
35. Rd1 Qf5 36. Nc1 c6 37. b4 Bb6 38. Nb3 Rxd3 39. Rxd3 Qxd3 40. Nc5 Bxc5 41.
bxc5 Rf3 42. Rg2 Qc3 43. Qb1 Rd3 44. Kh2 Qd2 45. Bg1 Qd1 46. Qxd1 Rxd1 47. Rf2
Rxd4 48. Rf6 Rd2+ 49. Kh1 Nxe5 50. Be3 Rd1+ 51. Kg2 Nc4 52. Bg5 e5 53. Rh6 e4
54. Rxh5 e3 55. Rh8+ Kc7 56. Rh7+ Kc8 57. Re7 d4 58. Re8+ Kc7 59. Re7+ Kc8 60.
Re8+ Kc7 61. Re7+ Kc8 62. Re8+ 1/2-1/2

[Event "Plzen, FSB A"]
[Site "?"]
[Date "2000.??.??"]
[Round "6"]
[White "Menacher, M."]
[Black "Epitashvili, K."]
[Result "1-0"]
[WhiteElo "2315"]
[BlackElo "2100"]
[PlyCount "98"]
[EventDate "2000.??.??"]
[Source "ChessBase"]
[SourceDate "1996.11.15"]

1. e4 c5 2. Nf3 d6 3. Bb5+ Bd7 4. c4 a6 5. Bxd7+ Qxd7 6. O-O Nc6 7. d4 cxd4 8.
Nxd4 Nf6 9. Nc3 e6 10. b3 Be7 11. Be3 O-O 12. f3 Rfd8 13. Na4 Nxd4 14. Nb6 Qc6
15. Bxd4 Rab8 16. Qe1 Ne8 17. Rd1 Bf6 18. Qe3 Bxd4 19. Qxd4 Qc5 20. Qxc5 dxc5
21. Kf2 Rd4 22. Ke2 f6 23. e5 Kf7 24. f4 Ke7 25. Rxd4 cxd4 26. Kd3 Rd8 27. Re1
f5 28. b4 Nc7 29. h4 h5 30. Rh1 Kf7 31. Rh3 g6 32. a4 Ke7 33. Rf3 Kf7 34. c5
Na8 35. Nxa8 Rxa8 36. Kc4 Rb8 37. a5 Rh8 38. Rd3 g5 39. hxg5 h4 40. Kxd4 Kg6
41. Rh3 Rd8+ 42. Kc4 Rd2 43. Rxh4 Rxg2 44. Rh6+ Kf7 45. Rh7+ Kg6 46. Re7 Rf2
47. Rxe6+ Kg7 48. Re7+ Kg6 49. Rxb7 Rxf4+ 1-0

[Event "Plzen, FSB A"]
[Site "?"]
[Date "2000.??.??"]
[Round "6"]
[White "Schauer, J."]
[Black "Hlavnicka, J."]
[Result "1-0"]
[WhiteElo "2140"]
[BlackElo "2305"]
[PlyCount "53"]
[EventDate "2000.??.??"]
[Source "ChessBase"]
[SourceDate "1996.11.15"]

1. e4 c5 2. Nf3 Nc6 3. d4 cxd4 4. Nxd4 Nf6 5. Nc3 d6 6. Bg5 e6 7. Qd2 a6 8. Be2
Be7 9. Rd1 Bd7 10. O-O h6 11. Be3 Qc7 12. f4 Rc8 13. Bf3 Na5 14. Be2 Nc4 15.
Bxc4 Qxc4 16. e5 dxe5 17. fxe5 Nd5 18. Nxd5 exd5 19. c3 Bg4 20. Rde1 Qxa2 21.
Qf2 Be6 22. Nf5 Bxf5 23. Qxf5 O-O 24. e6 Rc6 25. exf7+ Kh8 26. Bd4 Bd6 27. Qg4
1-0

[Event "Plzen, FSB A"]
[Site "?"]
[Date "2000.??.??"]
[Round "6"]
[White "Burdova, K."]
[Black "Kolago, M."]
[Result "1/2-1/2"]
[WhiteElo "2130"]
[BlackElo "2270"]
[PlyCount "104"]
[EventDate "2000.??.??"]
[Source "ChessBase"]
[SourceDate "1996.11.15"]

1. e4 e5 2. Nf3 Nc6 3. d4 exd4 4. Nxd4 d6 5. Nxc6 bxc6 6. Bd3 Be7 7. O-O Nf6 8.
h3 Nd7 9. c3 O-O 10. Bf4 Nc5 11. Bc2 Rb8 12. b4 Nd7 13. Nd2 Bf6 14. Qe2 a5 15.
Rab1 axb4 16. cxb4 Ba6 17. Rfd1 Ne5 18. Bxe5 Bxe5 19. Qe3 Qf6 20. Nf3 Bf4 21.
Qd4 Qe7 22. Re1 Rfe8 23. Qc3 Bb7 24. Qd3 g6 25. Ba4 Red8 26. Qc3 Ra8 27. Bb3
Re8 28. a4 Be5 29. Qc4 Bg7 30. Rbc1 Qf6 31. Qd3 Re7 32. a5 c5 33. bxc5 Rxa5 34.
cxd6 Qxd6 35. Qc4 Qa6 36. Qb4 Bf8 37. Bc4 Qb6 38. Qc3 Qa7 39. Qd3 Ba6 40. Bxa6
Qxa6 41. Qd8 Qa8 42. Qxa8 Rxa8 43. Rc4 Ra2 44. Rec1 Rd7 45. Rc6 Ba3 46. Rb1 Rb2
47. Rxb2 Bxb2 48. Kf1 Kf8 49. Ke2 Ke7 50. Ne1 Bd4 51. Nc2 Bb6 52. Nb4 Rd6
1/2-1/2

[Event "Plzen, FSB A"]
[Site "?"]
[Date "2000.??.??"]
[Round "6"]
[White "Svub, J."]
[Black "Folk, P."]
[Result "0-1"]
[WhiteElo "2110"]
[BlackElo "2260"]
[PlyCount "52"]
[EventDate "2000.??.??"]
[Source "ChessBase"]
[SourceDate "1996.11.15"]

1. d4 Nf6 2. Nf3 g6 3. c3 Bg7 4. Bg5 O-O 5. Nbd2 d5 6. e3 Nbd7 7. Bd3 b6 8. Qe2
Re8 9. e4 dxe4 10. Nxe4 h6 11. Bh4 Bb7 12. h3 Nh5 13. O-O-O Nf4 14. Qf1 Nxd3+
15. Qxd3 Nf6 16. Nxf6+ exf6 17. Rhe1 Qd5 18. Kb1 f5 19. Bg3 Qa5 20. Ka1 Be4 21.
Qf1 b5 22. Nd2 Bd5 23. a3 c5 24. Rxe8+ Rxe8 25. dxc5 b4 26. cxb4 Qxa3+ 0-1

[Event "Plzen, FSB A"]
[Site "?"]
[Date "2000.??.??"]
[Round "6"]
[White "Kozak, M."]
[Black "Galicek, S."]
[Result "1/2-1/2"]
[WhiteElo "2245"]
[BlackElo "1940"]
[PlyCount "33"]
[EventDate "2000.??.??"]
[Source "ChessBase"]
[SourceDate "1996.11.15"]

1. d4 d5 2. c4 e6 3. Nc3 c6 4. Nf3 Nf6 5. Bg5 dxc4 6. e4 b5 7. e5 h6 8. Bh4 g5
9. Nxg5 hxg5 10. Bxg5 Nbd7 11. exf6 Bb7 12. g3 c5 13. d5 Bh6 14. Bxh6 Rxh6 15.
Qd2 Qxf6 16. Bg2 Ne5 17. O-O 1/2-1/2

[Event "Plzen, FSB A"]
[Site "?"]
[Date "2000.??.??"]
[Round "6"]
[White "de Jong, J."]
[Black "Novak, P."]
[Result "1-0"]
[WhiteElo "2135"]
[BlackElo "2235"]
[PlyCount "115"]
[EventDate "2000.??.??"]
[Source "ChessBase"]
[SourceDate "1996.11.15"]

1. d4 Nf6 2. c4 e6 3. Nf3 Bb4+ 4. Bd2 Qe7 5. Nc3 Bxc3 6. Bxc3 Ne4 7. Rc1 O-O 8.
g3 d5 9. Bg2 c6 10. O-O Nd7 11. Be1 Nb6 12. b3 a5 13. Ne5 f6 14. Nd3 Rd8 15. f3
Ng5 16. Bf2 a4 17. c5 Nd7 18. e4 Nf8 19. e5 Bd7 20. bxa4 Be8 21. h4 Nf7 22. Be3
fxe5 23. dxe5 Qc7 24. f4 Nh6 25. g4 Bg6 26. f5 Nxg4 27. Qxg4 exf5 28. Qd1 Qf7
29. Bd4 Bh5 30. Bf3 Bxf3 31. Rxf3 Qg6+ 32. Kf2 Qg4 33. Nf4 Qxh4+ 34. Ke3 g5 35.
Ne2 Qe4+ 36. Kf2 Ne6 37. Rb1 Qh4+ 38. Kg2 g4 39. Rxf5 Qh3+ 40. Kg1 g3 41. Rf3
Qh2+ 42. Kf1 Rf8 43. Rbb3 Ng5 44. Rf6 Ne4 45. Qd3 Qh1+ 46. Ng1 Nxf6 47. exf6
g2+ 48. Kf2 Qh4+ 49. Qg3+ Qxg3+ 50. Rxg3+ Kf7 51. Rg7+ Ke6 52. Kxg2 Rxa4 53.
Ne2 Rxa2 54. Kf3 Rxf6+ 55. Bxf6 Kxf6 56. Rxh7 Rc2 57. Rxb7 Rxc5 58. Ke3 1-0

[Event "Plzen, FSB A"]
[Site "?"]
[Date "2000.??.??"]
[Round "6"]
[White "Petrzela, P."]
[Black "Dvorak, T."]
[Result "1/2-1/2"]
[WhiteElo "2015"]
[BlackElo "2220"]
[PlyCount "67"]
[EventDate "2000.??.??"]
[Source "ChessBase"]
[SourceDate "1996.11.15"]

1. d4 Nf6 2. c4 g6 3. Nc3 d5 4. cxd5 Nxd5 5. e4 Nxc3 6. bxc3 Bg7 7. Nf3 c5 8.
Bb5+ Nc6 9. O-O a6 10. Bxc6+ bxc6 11. h3 cxd4 12. cxd4 c5 13. Be3 O-O 14. Rc1
cxd4 15. Nxd4 Bb7 16. f3 Qa5 17. Qe2 Rac8 18. Nb3 Qb5 19. Qxb5 axb5 20. Rxc8
Rxc8 21. Rc1 Rxc1+ 22. Nxc1 f5 23. exf5 gxf5 24. Nd3 Bd5 25. a3 Kf7 26. Kf2 e5
27. Bc5 Bc4 28. Nb2 Bd5 29. Nd3 Ke6 30. Bb4 Bc6 31. Bc3 Be8 32. f4 e4 33. Bxg7
exd3 34. Ke3 1/2-1/2

[Event "Plzen, FSB A"]
[Site "?"]
[Date "2000.??.??"]
[Round "6"]
[White "Brasser, P."]
[Black "Orsag, M."]
[Result "1-0"]
[WhiteElo "1960"]
[BlackElo "2205"]
[PlyCount "33"]
[EventDate "2000.??.??"]
[Source "ChessBase"]
[SourceDate "1996.11.15"]

1. e4 d6 2. d4 g6 3. Nc3 Bg7 4. Be3 a6 5. f3 b5 6. a3 e6 7. Qd2 Nd7 8. Rd1 Rb8
9. h4 h5 10. Be2 c6 11. Kf2 a5 12. d5 exd5 13. exd5 c5 14. Nxb5 Rxb5 15. Bxb5
Ne7 16. b4 O-O 17. Bxd7 1-0

[Event "Plzen, FSB A"]
[Site "?"]
[Date "2000.??.??"]
[Round "6"]
[White "Sedlacek, J."]
[Black "Blecha, M."]
[Result "1/2-1/2"]
[WhiteElo "1865"]
[BlackElo "2205"]
[PlyCount "45"]
[EventDate "2000.??.??"]
[Source "ChessBase"]
[SourceDate "1996.11.15"]

1. c4 e5 2. Nc3 Nc6 3. Nf3 f5 4. d3 Nf6 5. g3 Bb4 6. Bg2 Bxc3+ 7. bxc3 d6 8.
O-O O-O 9. Qb3 Kh8 10. d4 e4 11. Ng5 Qe8 12. f3 h6 13. Nh3 b6 14. a4 Ba6 15.
Nf4 Na5 16. Qd1 Bxc4 17. d5 Nb3 18. Rb1 Nc5 19. Rb4 Ba6 20. fxe4 Nfxe4 21. Qd4
Kh7 22. g4 g6 23. Qe3 1/2-1/2

[Event "Plzen, FSB A"]
[Site "?"]
[Date "2000.??.??"]
[Round "6"]
[White "Krejcik, J."]
[Black "Mazakova, P."]
[Result "1/2-1/2"]
[WhiteElo "2080"]
[BlackElo "2315"]
[PlyCount "93"]
[EventDate "2000.??.??"]
[Source "ChessBase"]
[SourceDate "1996.11.15"]

1. f4 d5 2. Nf3 g6 3. e3 Bg7 4. Be2 Nf6 5. O-O O-O 6. d4 b6 7. Ne5 Bb7 8. Nd2
Nbd7 9. Bd3 Ne4 10. Rf3 Nxe5 11. fxe5 f6 12. exf6 exf6 13. Nxe4 dxe4 14. Bc4+
Bd5 15. Bxd5+ Qxd5 16. Rf2 c5 17. c3 f5 18. g3 h5 19. Qf1 c4 20. b3 cxb3 21. c4
Qa5 22. Bd2 Qa4 23. axb3 Qxb3 24. Rb1 Qa4 25. Ra1 Qc6 26. Bb4 Rfc8 27. c5 a5
28. Ba3 b5 29. Rfa2 Kh7 30. Bc1 a4 31. Rb1 Rcb8 32. Ba3 Rb7 33. Rab2 Rab8 34.
Bb4 Qd5 35. Ba3 b4 36. Rxb4 Rxb4 37. Rxb4 Rxb4 38. Bxb4 Bxd4 39. Qc1 Be5 40. c6
Bc7 41. Qc2 h4 42. Qxa4 hxg3 43. hxg3 Qd3 44. Qa7 Qd1+ 45. Kh2 Qe2+ 46. Kg1
Qd1+ 47. Kh2 1/2-1/2

[Event "Plzen, FSB A"]
[Site "?"]
[Date "2000.??.??"]
[Round "6"]
[White "Korenova, M."]
[Black "Foglar, S."]
[Result "1-0"]
[WhiteElo "2265"]
[BlackElo "2005"]
[PlyCount "79"]
[EventDate "2000.??.??"]
[Source "ChessBase"]
[SourceDate "1996.11.15"]

1. e4 c5 2. c3 d6 3. d4 Nf6 4. Bd3 cxd4 5. cxd4 g6 6. h3 Bg7 7. Nf3 O-O 8. O-O
Nc6 9. Nc3 e5 10. dxe5 Nxe5 11. Be2 Be6 12. Be3 a6 13. Nd4 Bc4 14. f4 Bxe2 15.
Qxe2 Nc6 16. Rad1 Qe8 17. Qf3 Rd8 18. Rfe1 Nxd4 19. Bxd4 Qc6 20. Rc1 Ne8 21.
Qf2 Bxd4 22. Qxd4 Qc5 23. Qxc5 dxc5 24. Nd5 f5 25. Ne7+ Kf7 26. exf5 Rd7 27.
fxg6+ hxg6 28. Nc8 Rd2 29. Re7+ Kf6 30. Rxb7 Ng7 31. Rxc5 Ne6 32. Rc6 Rfd8 33.
Rbb6 Re2 34. Nd6 Ke7 35. Kf1 Rd2 36. Nc8+ Kd7 37. Rxe6 Rxc8 38. Re2 Rc1+ 39.
Kf2 Rdd1 40. Rxg6 1-0

[Event "Plzen, FSB A"]
[Site "?"]
[Date "2000.??.??"]
[Round "6"]
[White "Kamenik, M."]
[Black "Gschwendtner, S."]
[Result "1-0"]
[WhiteElo "2005"]
[BlackElo "2185"]
[PlyCount "87"]
[EventDate "2000.??.??"]
[Source "ChessBase"]
[SourceDate "1996.11.15"]

1. e4 d6 2. d4 Nf6 3. Bd3 c5 4. c3 e5 5. d5 Be7 6. f4 Nbd7 7. Nf3 Ng4 8. c4 b5
9. b3 exf4 10. Bxf4 Bf6 11. Nbd2 Nde5 12. Nxe5 Nxe5 13. Be2 Bg4 14. Nf3 Nxf3+
15. gxf3 Bc3+ 16. Kf2 Qf6 17. Kg3 g5 18. Be3 Bxa1 19. fxg4 Bd4 20. Bxd4 Qf4+
21. Kg2 cxd4 22. Rf1 Qe5 23. Rf5 Qg7 24. Qd2 h6 25. Qb4 O-O 26. Qxd6 bxc4 27.
bxc4 Rab8 28. Bd3 Rb2+ 29. Kf3 Rd2 30. Bf1 Rxa2 31. Rf6 Rxh2 32. c5 h5 33. gxh5
g4+ 34. Kg3 Rxh5 35. Qf4 Re8 36. Rf5 Rxf5 37. Qxf5 d3 38. Bxd3 Re5 39. Qf4 Qh8
40. Qxg4+ Kf8 41. c6 f5 42. Qg6 Re7 43. Qxf5+ Kg7 44. d6 1-0

[Event "Plzen, FSB A"]
[Site "?"]
[Date "2000.??.??"]
[Round "6"]
[White "Bartos, J."]
[Black "Vanek, T."]
[Result "1/2-1/2"]
[WhiteElo "2175"]
[BlackElo "2030"]
[PlyCount "43"]
[EventDate "2000.??.??"]
[Source "ChessBase"]
[SourceDate "1996.11.15"]

1. d4 d5 2. c4 e6 3. cxd5 exd5 4. Nc3 c6 5. Bf4 Nf6 6. e3 Bf5 7. Nge2 Qb6 8.
Qd2 Na6 9. a3 Nh5 10. Ng3 Nxg3 11. Bxg3 Be7 12. Bd3 Bxd3 13. Qxd3 O-O 14. O-O
Rae8 15. b4 Nc7 16. Na4 Qa6 17. Qb3 Ne6 18. Nc5 Bxc5 19. bxc5 f5 20. Bd6 Rf7
21. f4 Nc7 22. Rfe1 1/2-1/2

[Event "Plzen, FSB A"]
[Site "?"]
[Date "2000.??.??"]
[Round "6"]
[White "Skacel, J."]
[Black "Pliva, V."]
[Result "1-0"]
[WhiteElo "2030"]
[BlackElo "2170"]
[PlyCount "21"]
[EventDate "2000.??.??"]
[Source "ChessBase"]
[SourceDate "1996.11.15"]

1. d4 Nf6 2. c4 e6 3. Nf3 d5 4. Bg5 Be7 5. Nc3 Nbd7 6. Qc2 c6 7. e3 a6 8. Rd1
O-O 9. a3 h6 10. Bh4 Re8 11. Bd3 {dale necitelne} 1-0

[Event "Plzen, FSB A"]
[Site "?"]
[Date "2000.??.??"]
[Round "6"]
[White "Smistik, M."]
[Black "Rerabkova, L."]
[Result "1-0"]
[WhiteElo "2165"]
[BlackElo "2015"]
[PlyCount "91"]
[EventDate "2000.??.??"]
[Source "ChessBase"]
[SourceDate "1996.11.15"]

1. e4 c5 2. Nf3 Nc6 3. d4 cxd4 4. Nxd4 g6 5. c4 Nf6 6. Nc3 d6 7. f3 Nxd4 8.
Qxd4 Bg7 9. Be3 O-O 10. Qd2 Be6 11. Be2 Rc8 12. b3 Qa5 13. O-O Ng4 14. Bd4
Bxd4+ 15. Qxd4 Qe5 16. Qxe5 Nxe5 17. f4 Nc6 18. f5 Bd7 19. f6 Nd4 20. fxe7
Nxe2+ 21. Nxe2 Rfe8 22. Rf6 Rxe7 23. Rxd6 Bc6 24. Nc3 Kg7 25. Re1 Rce8 26. Kf2
f5 27. Rd4 Bxe4 28. Nxe4 fxe4 29. Ke3 b6 30. Rf1 g5 31. h4 gxh4 32. Rf4 Kg6 33.
Rxh4 Kf5 34. Rf4+ Kg5 35. Rfxe4 Rxe4+ 36. Rxe4 Rxe4+ 37. Kxe4 a5 38. a3 Kg4 39.
b4 axb4 40. axb4 h5 41. c5 bxc5 42. bxc5 h4 43. c6 Kg3 44. c7 Kxg2 45. c8=Q h3
46. Qg4+ 1-0

[Event "Plzen, FSB A"]
[Site "?"]
[Date "2000.??.??"]
[Round "6"]
[White "Vasicek, M."]
[Black "Houska, B."]
[Result "1-0"]
[WhiteElo "2165"]
[BlackElo "1960"]
[PlyCount "57"]
[EventDate "2000.??.??"]
[Source "ChessBase"]
[SourceDate "1996.11.15"]

1. d4 d6 2. Nf3 g6 3. c3 Nf6 4. Bg5 Nbd7 5. Nbd2 c6 6. e4 Qc7 7. Bd3 Bg7 8. Qe2
O-O 9. O-O h6 10. Bh4 e5 11. Rad1 Nh5 12. Bg3 f5 13. Bc4+ Kh7 14. exf5 Rxf5 15.
Bd3 Nxg3 16. fxg3 Rf6 17. Ne4 Rf8 18. Nh4 d5 19. Qh5 dxe4 20. Qxg6+ Kh8 21.
Qxe4 Rxf1+ 22. Rxf1 Nf6 23. Ng6+ Kh7 24. Rxf6 Bxf6 25. Ne7+ Kg7 26. Qh7+ Kf8
27. Ng6+ Ke8 28. Qxc7 exd4 29. Ne5 1-0